| 000 | 00615nam a2200205 a 4500 | ||
|---|---|---|---|
| 005 | 20260428115737.0 | ||
| 008 | 260416s2026##################000#0#eng## | ||
| 020 |
_a9780406000446 _qhbk |
||
| 041 | _aeng | ||
| 082 | 0 | 4 | _a348.42 ALL(R) |
| 245 | 1 | 0 |
_a The All England Law Reports Reprint : _b1925 _c/edited by G.F.L. Bridgman |
| 250 | _aRevised and Annotated | ||
| 260 |
_aLondon _bButterworth & Co. (publishers) Ltd. _c1959 |
||
| 300 |
_a724p. : _c23cm. |
||
| 650 | _aLaws, regulations & cases | ||
| 700 | _aSwingland, O. M. W. | ||
| 700 | _aSummerfield, Henry | ||
| 700 | _aKidner, G. A. | ||
| 942 | _cENGLISH | ||
| 999 |
_c619520 _d619520 |
||